Improvements and development in the public service 1992
| Other Authors: | |
|---|---|
| Format: | Book |
| Published: |
Kuala Lumpur :
Percetakan Nasional Bhd. ,
1992
|
| Subjects: |
MARC
| LEADER | 00000cam a2200000 7i4500 | ||
|---|---|---|---|
| 001 | 0000002177 | ||
| 005 | 20210104.0 | ||
| 040 | |a INS | ||
| 090 | 0 | 0 | |a JQ1062.A979 |b I34 1992 |
| 245 | 0 | 0 | |a Improvements and development in the public service 1992 |c report by Tan Sri Dato' Seri Ahmad Sarji Abdul Hamid |
| 260 | |a Kuala Lumpur : |b Percetakan Nasional Bhd. , |c 1992 | ||
| 300 | |a 704p ; |c 25cm. | ||
| 650 | 0 | |a Public administration |z Malaysia Civil Service |z Malaysia | |
| 700 | 0 | |a Ahmad Sarji Abdul Hamid |t Tan Sri Dato' Seri | |
| 999 | |a 0000006682 |b BOOK |c Reference |e Default branch | ||